000
00210nam a2200109Ia 4500
100
_a
#N/A
942
_c
BK
245
_a
Digit Achives ;Build your own Robot
260
_b
#N/A
546
_a
ENGLISH
999
_c
25912
_d
25912